000 00756nam a2200205 i 4500
001 182427
003 ES-MaACL
005 20230906221615.0
007 t|
008 130813s1990 sp ||||1| spa d
080 _a316.72(460.12)
100 0 _aGómez-Tabanera, José Manuel,
_d1926-2011
_958165
245 1 0 _aIdentidad asturiana y raíces prelatinas /
_cJosé M. Gómez-Tabanera.
260 _a[Navarra] :
_bCuadernos de Etnología y Etnografía de Navarra,
_c1990.
300 _ap. 35-42 ;
_c28 cm.
500 _aSeparata de: Cuadernos de Etnología y Etnografía de Navarra, enero-junio 1990, año XXII, nº 55.
650 4 _aIdentidad cultural-
_zAsturias (Comunidad Autónoma)
_913532
852 _aES-MaACL
_j2324-F-10
999 _c182427
_d182427